000 00491nam a2200217Ia 4500
005 20250425162447.0
008 250425s9999 xx 000 0 und d
020 _a0702013145
041 _aeng
082 _a597.0828
245 0 _aFISH PATHOLOGY
250 _a2ND ED.
260 _aLONDON
260 _aReino Unido
_bBAILLIERE TINDALL
_c1989
300 _a467
650 _aENFERMEDADES
650 _aPATOLOGIA
650 _aPECES-HISTOLOGIA
942 _c01
010 _a75575
999 _c229673
_d229673